Statystyki dla Awantura o Kasę - kategorie

Kliknij tutaj aby rozwiązać quiz!

Ogólne statystyki

  • Ten quiz został rozwiązany 29 razy
  • Średni wynik to 12 z 31

Statystyki odpowiedzi

Kategoria% Poprawnych
Chemia
83%
Fizyka
79%
Matematyka
75%
Biologia
71%
Sport
67%
Ciekawostki
63%
Historia polski
54%
Piłka nożna
50%
Geografia Polski
46%
Polskie seriale
46%
Wędkarstwo
46%
Anatomia człowieka
42%
Muzyka klasyczna
42%
Film polski
38%
Film światowy
38%
Geografia świata
38%
Historia powszechna
38%
Motoryzacja
33%
Polska muzyka rozrywkowa
33%
Astronomia
29%
Historia sztuki
29%
Gramatyka i ortografia
25%
Literatura polska
25%
Literatura światowa
21%
Przysłowia
21%
Rozmaitości ze świata
21%
Światowa muzyka rozrywkowa
21%
Filozofia i religie
13%
Świat polityki
8%
Sztuka kulinarna
8%
Mity i dzieje starożytne
4%

Rozkład punktacji

Percentyl według liczby udzielonych odpowiedzi

Procent ludzi z każdym wynikiem

Twoja historia wyników

Nie rozwiązałeś tego quizu